| 000 | 00455nam a2200169Ia 4500 | ||
|---|---|---|---|
| 003 | GCL | ||
| 008 | 140319s9999 xx 000 0 ara d | ||
| 040 |
_aGCL / _cGCL |
||
| 082 | 0 | 4 |
_aط _b813.03 _bم ت |
| 100 | 1 | _aمحمد عفيفى | |
| 245 | 1 | 0 |
_aترانيم فى ظل تمارا / _cمحمد عفيفى |
| 300 | _a158 ص | ||
| 490 |
_a100 قصة _v0 |
||
| 650 | 0 | 4 | _aالادب العربى |
| 650 | 0 | 4 | _aالقصص العربية |
| 942 |
_2ddc _cBK |
||
| 999 |
_c45003 _d45003 |
||